Normal view
MARC view
- الصدر، محمد باقر
Entry Personal Name
001 - CONTROL NUMBER
- control field: 47112
003 - CONTROL NUMBER IDENTIFIER
- control field: JO-AjAnu
005 - DATE AND TIME OF LATEST TRANSACTION
- control field: 20230606081800.0
008 - FIXED-LENGTH DATA ELEMENTS
- fixed length control field: 230606|| aca||aabn | a|a d
040 ## - CATALOGING SOURCE
- Original cataloging agency: JO-AjAnu
- Transcribing agency: JO-AjAnu
100 ## - HEADING--PERSONAL NAME
- Personal name: الصدر، محمد باقر
670 ## - SOURCE DATA FOUND
- Source citation: Work cat.: (JO-AjAnu)24111: الصدر، محمد باقر, author, اقتصادنا:دراسة موضوعية تتناول بالنقد والبحث المذاهب الاقتصادية للماركسية واراسمالية والاسلام في اسسها الفكرية وتفاصيلها